000 01172nam a2200337 i 4500
001 000038155
003 DO-SdBNP
005 20260303125121.0
007 ta
008 130319s2001 dr r 000 0 spa d
040 _aDO-SdBNP
_bspa
_cBNPHU
_erda
041 _aspa
082 4 _a364.36
_bD725c
_222
100 1 _aDotel Matos, Héctor,
_eautor
_4aut.
_91202
245 1 0 _aCriminología :
_bde niños, niñas y adolescentes /
_cHéctor Dotel Matos.
250 _aPrimera edición.
264 4 _aSanto Domingo :
_bEdiciones Jurídicas Trajano Potentini :
_bLibrería Jurídica Virtual,
_c©2001.
300 _a204 páginas ;
_c21 cm.
336 _atexto
_btxt
_2rdacontent
337 _asin mediación
_bn
_2rdamedia
338 _avolumen
_bnc
_2rdacarrier
590 _aInventariado, 2018/BT
650 7 _aCriminología
_zRepública Dominicana
_2LIBRUNAM
_917089
650 4 _aCrimen
_xAspectos sociológicos
_920958
650 4 _aDelincuencia juvenil
_91711
650 4 _a Delincuentes
_917407
650 4 _aConducta criminal
_914444
651 4 _aRepública Dominicana
_xCondiciones sociales
_946
910 _aValidado. Control de calidad. EMS
942 _2ddc
_cLBS1
999 _c37645
_d37645